Integral mission : (Record no. 8907)
[ view plain ]
| 000 -LEADER | |
|---|---|
| fixed length control field | 00463nam a22001577a 4500 |
| 003 - CONTROL NUMBER IDENTIFIER | |
| control field | GBCCL |
| 005 - DATE AND TIME OF LATEST TRANSACTION | |
| control field | 20241126110701.0 |
| 008 - FIXED-LENGTH DATA ELEMENTS--GENERAL INFORMATION | |
| fixed length control field | 220121b ||||| |||| 00| 0 eng d |
| 040 ## - CATALOGING SOURCE | |
| Transcribing agency | GBC |
| 082 ## - DEWEY DECIMAL CLASSIFICATION NUMBER | |
| Classification number | 266 |
| Item number | INT |
| 245 ## - TITLE STATEMENT | |
| Title | Integral mission : |
| Remainder of title | holistic understanding of creation care / |
| Statement of responsibility, etc. | Rev, Dr Phanenmo Kath , Consultant |
| 260 ## - PUBLICATION, DISTRIBUTION, ETC. | |
| Place of publication, distribution, etc. | Delhi: |
| Name of publisher, distributor, etc. | Christian World Imprints, |
| Date of publication, distribution, etc. | 2021. |
| 300 ## - PHYSICAL DESCRIPTION | |
| Extent | 107p. ; |
| 650 ## - SUBJECT ADDED ENTRY--TOPICAL TERM | |
| Topical term or geographic name entry element | Integral mission |
| 9 (RLIN) | 9889 |
| 942 ## - ADDED ENTRY ELEMENTS (KOHA) | |
| Source of classification or shelving scheme | Dewey Decimal Classification |
| Koha item type | Books |
| Koha issues (borrowed), all copies | 18 |
| Withdrawn status | Lost status | Source of classification or shelving scheme | Damaged status | Not for loan | Home library | Current Library | Shelving location | Date acquired | Total checkouts | Total renewals | Full call number | Barcode | Date last seen | Date last checked out | Copy number | Price effective from | Koha item type |
|---|---|---|---|---|---|---|---|---|---|---|---|---|---|---|---|---|---|
| Dewey Decimal Classification | GRACE BIBLE COLLEGE | GRACE BIBLE COLLEGE | Ministry & Mission | 2022-01-21 | 3 | 2 | 266 INT | 013971 | 2025-07-01 | 2025-06-27 | c.1 | 2022-01-21 | Books | ||||
| Dewey Decimal Classification | GRACE BIBLE COLLEGE | GRACE BIBLE COLLEGE | Ministry & Mission | 2022-01-21 | 8 | 266 INT | 013972 | 2026-02-25 | 2026-02-19 | c.2 | 2022-01-21 | Books | |||||
| Dewey Decimal Classification | GRACE BIBLE COLLEGE | GRACE BIBLE COLLEGE | Ministry & Mission | 2022-01-21 | 3 | 266 INT | 013973 | 2025-05-01 | 2024-02-26 | c.3 | 2022-01-21 | Books | |||||
| Dewey Decimal Classification | GRACE BIBLE COLLEGE | GRACE BIBLE COLLEGE | Ministry & Mission | 2022-01-21 | 6 | 266 INT | 013974 | 2026-02-23 | 2026-02-19 | c.4 | 2022-01-21 | Books | |||||
| Dewey Decimal Classification | GRACE BIBLE COLLEGE | GRACE BIBLE COLLEGE | Ministry & Mission | 2022-01-21 | 6 | 266 INT | 013992 | 2026-02-23 | 2026-02-19 | c.5 | 2022-01-21 | Books | |||||
| Dewey Decimal Classification | GRACE BIBLE COLLEGE | GRACE BIBLE COLLEGE | Ministry & Mission | 2022-06-21 | 6 | 1 | 266 INT | 015593 | 2025-09-26 | 2025-09-24 | c.6 | 2022-06-21 | Books |